000 00643nam a2200181Ia 4500
008 090630s9999 xx 000 0 und d
082 _b16320
100 _aवाळिंबे शरच्चंद्र.
245 _aऑपरेशन M.
_cवाळिंबे शरच्चंद्र.
260 _bचंद्रमौळी - पुणे.
300 _a0
600 _aवाळिंबे शरच्चंद्र.
630 _aऑपरेशन M.
655 _aकादंबरी.
700 _aवाळिंबे शरच्चंद्र.
730 _aऑपरेशन M.
942 _cBOOK
999 _c268176
_d268176